000 00644nam a2200229Ia 4500
005 20231101095834.0
008 131103s9999 xx 000 0 und d
020 _a8173042535
_cRs 800
040 _aLoreto College
041 _aEnglish
082 _a320.954
_bGHO
100 _aGhosh, Partha S.
245 _aBJP and the evolution of Hindu nationalism
_b From periphery to centre
_cPartha S. Ghosh
260 _aNew Delhi
_bManohar
_c2000
300 _a460p
504 _aIncludes bibliographical reference and index
630 _aPolitics, India
650 _aBJP
651 _aHindu Nationalism
850 _aLCLIB
942 _cBK
999 _c10767
_d61246